[Event "DEM U10w 2025"]
[Site "Willingen GER"]
[Date "2025.06.08"]
[Round "1"]
[White "Sigacheva, Varvara"]
[Black "Sniegowski, Amalia"]
[Result "1-0"]
[Termination "normal"]
[Board "4"]
[WhiteElo "1453"]
[BlackElo "1411"]
[WhiteClock "00:06:20"]
[BlackClock "00:06:56"]
[PlyCount "139"]
[WhiteFideId "522079416"]
[BlackFideId "34675620"]
[EventCountry "GER"]
[EventRounds "9"]
[EventType "swiss"]
[EventDate "2025.06.07"]

1. d4 {[%clk 01:30:59]} {[%emt 00:00:01]} Nf6 {[%clk 01:30:54]} {[%emt
00:00:06]} 2. Bf4 {[%clk 01:31:10]} {[%emt 00:00:18]} d5 {[%clk 01:31:07]}
{[%emt 00:00:17]} 3. e3 {[%clk 01:31:27]} {[%emt 00:00:14]} Bf5 {[%clk
01:31:18]} {[%emt 00:00:19]} 4. Nd2 {[%clk 01:30:07]} {[%emt 00:01:50]} e6
{[%clk 01:30:54]} {[%emt 00:00:54]} 5. Be2 {[%clk 01:27:59]} {[%emt 00:02:38]}
Bd6 {[%clk 01:21:42]} {[%emt 00:09:42]} 6. Bxd6 {[%clk 01:25:54]} {[%emt
00:02:35]} Qxd6 {[%clk 01:22:00]} {[%emt 00:00:12]} 7. Ngf3 {[%clk 01:21:04]}
{[%emt 00:05:20]} Nbd7 {[%clk 01:17:51]} {[%emt 00:04:39]} 8. c3 {[%clk
01:08:41]} {[%emt 00:12:53]} c5 {[%clk 01:08:05]} {[%emt 00:10:16]} 9. dxc5
{[%clk 00:49:38]} {[%emt 00:19:33]} Nxc5 {[%clk 01:06:47]} {[%emt 00:01:47]}
10. Nb3 {[%clk 00:47:48]} {[%emt 00:02:20]} Nce4 {[%clk 00:59:51]} {[%emt
00:07:27]} 11. h3 {[%clk 00:43:16]} {[%emt 00:05:02]} h6 {[%clk 00:53:11]}
{[%emt 00:07:09]} 12. Nbd4 {[%clk 00:42:25]} {[%emt 00:01:22]} Bh7 {[%clk
00:52:04]} {[%emt 00:01:36]} 13. Qa4+ {[%clk 00:42:11]} {[%emt 00:00:31]} Nd7
{[%clk 00:50:20]} {[%emt 00:02:27]} 14. Bb5 {[%clk 00:39:40]} {[%emt 00:02:55]}
Nec5 {[%clk 00:45:21]} {[%emt 00:05:35]} 15. Bxd7+ {[%clk 00:38:29]} {[%emt
00:01:42]} Qxd7 {[%clk 00:44:07]} {[%emt 00:01:44]} 16. Qxd7+ {[%clk 00:38:39]}
{[%emt 00:00:20]} Nxd7 {[%clk 00:44:12]} {[%emt 00:00:25]} 17. O-O {[%clk
00:38:01]} {[%emt 00:01:08]} O-O {[%clk 00:44:26]} {[%emt 00:00:15]} 18. Rfd1
{[%clk 00:34:24]} {[%emt 00:04:03]} Nc5 {[%clk 00:38:23]} {[%emt 00:06:36]} 19.
Ne1 {[%clk 00:29:26]} {[%emt 00:05:27]} Rac8 {[%clk 00:35:56]} {[%emt
00:02:58]} 20. Nb3 {[%clk 00:26:54]} {[%emt 00:03:01]} Ne4 {[%clk 00:30:56]}
{[%emt 00:05:33]} 21. Rac1 {[%clk 00:23:22]} {[%emt 00:04:02]} Rfd8 {[%clk
00:22:50]} {[%emt 00:08:36]} 22. c4 {[%clk 00:19:12]} {[%emt 00:04:40]} dxc4
{[%clk 00:18:59]} {[%emt 00:04:20]} 23. Rxd8+ {[%clk 00:19:31]} {[%emt
00:00:14]} Rxd8 {[%clk 00:19:15]} {[%emt 00:00:11]} 24. Rxc4 {[%clk 00:19:14]}
{[%emt 00:00:47]} Bg6 {[%clk 00:17:03]} {[%emt 00:02:40]} 25. Rc1 {[%clk
00:14:29]} {[%emt 00:05:11]} Nd2 {[%clk 00:14:55]} {[%emt 00:02:45]} 26. Nd4
{[%clk 00:12:04]} {[%emt 00:02:45]} e5 {[%clk 00:09:40]} {[%emt 00:05:54]} 27.
Ndf3 {[%clk 00:11:38]} {[%emt 00:00:50]} a6 {[%clk 00:08:31]} {[%emt 00:01:46]}
28. Nxe5 {[%clk 00:08:56]} {[%emt 00:03:12]} Be4 {[%clk 00:08:00]} {[%emt
00:00:58]} 29. Ng4 {[%clk 00:05:40]} {[%emt 00:03:34]} f5 {[%clk 00:06:19]}
{[%emt 00:02:26]} 30. Nh2 {[%clk 00:05:09]} {[%emt 00:01:01]} Nc4 {[%clk
00:05:11]} {[%emt 00:01:36]} 31. b3 {[%clk 00:03:48]} {[%emt 00:01:53]} Nb2
{[%clk 00:05:06]} {[%emt 00:00:32]} 32. Nef3 {[%clk 00:03:09]} {[%emt
00:01:11]} Rd1+ {[%clk 00:01:46]} {[%emt 00:03:50]} 33. Rxd1 {[%clk 00:03:32]}
{[%emt 00:00:07]} Nxd1 {[%clk 00:02:10]} {[%emt 00:00:06]} 34. Nf1 {[%clk
00:01:58]} {[%emt 00:02:04]} Bb1 {[%clk 00:02:00]} {[%emt 00:00:40]} 35. a4
{[%clk 00:02:10]} {[%emt 00:00:19]} a5 {[%clk 00:02:08]} {[%emt 00:00:22]} 36.
Nd4 {[%clk 00:02:19]} {[%emt 00:00:21]} Kf7 {[%clk 00:01:46]} {[%emt 00:00:51]}
37. Nd2 {[%clk 00:02:18]} {[%emt 00:00:32]} Bd3 {[%clk 00:01:36]} {[%emt
00:00:37]} 38. N4f3 {[%clk 00:01:58]} {[%emt 00:00:48]} g6 {[%clk 00:01:38]}
{[%emt 00:00:33]} 39. Ne5+ {[%clk 00:02:21]} {[%emt 00:00:07]} Ke6 {[%clk
00:01:31]} {[%emt 00:00:36]} 40. Nxd3 {[%clk 00:02:46]} {[%emt 00:00:05]} h5
{[%clk 00:01:33]} {[%emt 00:00:29]} 41. Nc5+ {[%clk 00:03:02]} {[%emt
00:00:13]} Kd6 {[%clk 00:01:39]} {[%emt 00:00:24]} 42. Nxb7+ {[%clk 00:03:27]}
{[%emt 00:00:06]} Kc6 {[%clk 00:01:38]} {[%emt 00:00:31]} 43. Nxa5+ {[%clk
00:03:52]} {[%emt 00:00:04]} Kc5 {[%clk 00:01:41]} {[%emt 00:00:28]} 44. Nac4
{[%clk 00:03:59]} {[%emt 00:00:23]} Kb4 {[%clk 00:01:49]} {[%emt 00:00:21]} 45.
Ne5 {[%clk 00:03:57]} {[%emt 00:00:32]} g5 {[%clk 00:02:06]} {[%emt 00:00:13]}
46. Nf7 {[%clk 00:04:14]} {[%emt 00:00:14]} g4 {[%clk 00:02:23]} {[%emt
00:00:13]} 47. hxg4 {[%clk 00:04:36]} {[%emt 00:00:08]} hxg4 {[%clk 00:02:26]}
{[%emt 00:00:26]} 48. Nh6 {[%clk 00:04:42]} {[%emt 00:00:24]} Kc3 {[%clk
00:02:40]} {[%emt 00:00:16]} 49. a5 {[%clk 00:04:40]} {[%emt 00:00:32]} Kxd2
{[%clk 00:02:43]} {[%emt 00:00:27]} 50. a6 {[%clk 00:05:04]} {[%emt 00:00:07]}
Nc3 {[%clk 00:03:01]} {[%emt 00:00:11]} 51. a7 {[%clk 00:05:28]} {[%emt
00:00:06]} Nb5 {[%clk 00:03:17]} {[%emt 00:00:14]} 52. a8=Q {[%emt 00:00:09]}
Nc3 {[%clk 00:03:18]} {[%emt 00:00:26]} 53. Qd8+ {[%clk 00:06:09]} {[%emt
00:00:13]} Kc2 {[%clk 00:03:39]} {[%emt 00:00:09]} 54. b4 {[%clk 00:06:21]}
{[%emt 00:00:18]} Kb3 {[%clk 00:03:51]} {[%emt 00:00:17]} 55. Qb8 {[%clk
00:06:32]} {[%emt 00:00:20]} Kc4 {[%clk 00:04:07]} {[%emt 00:00:14]} 56. Nxf5
{[%clk 00:06:08]} {[%emt 00:00:54]} g3 {[%clk 00:04:22]} {[%emt 00:00:15]} 57.
Qc7+ {[%clk 00:05:39]} {[%emt 00:01:00]} Kxb4 {[%clk 00:04:37]} {[%emt
00:00:14]} 58. Qb6+ {[%clk 00:05:58]} {[%emt 00:00:08]} Kc4 {[%clk 00:04:52]}
{[%emt 00:00:18]} 59. Qd4+ {[%clk 00:05:08]} {[%emt 00:01:17]} Kb3 {[%clk
00:05:13]} {[%emt 00:00:12]} 60. Nxg3 {[%clk 00:05:05]} {[%emt 00:00:34]} Kc2
{[%clk 00:05:25]} {[%emt 00:00:18]} 61. f4 {[%clk 00:04:43]} {[%emt 00:00:52]}
Nb5 {[%clk 00:05:30]} {[%emt 00:00:25]} 62. Qa4+ {[%clk 00:05:01]} {[%emt
00:00:12]} Kd2 {[%clk 00:05:44]} {[%emt 00:00:14]} 63. Qxb5 {[%clk 00:05:20]}
{[%emt 00:00:13]} Kxe3 {[%clk 00:06:04]} {[%emt 00:00:10]} 64. Qc4 {[%clk
00:05:18]} {[%emt 00:00:26]} Kd2 {[%clk 00:06:12]} {[%emt 00:00:27]} 65. f5
{[%clk 00:04:36]} {[%emt 00:01:13]} Ke3 {[%clk 00:06:15]} {[%emt 00:00:26]} 66.
f6 {[%clk 00:04:53]} {[%emt 00:00:13]} Kd2 {[%clk 00:06:30]} {[%emt 00:00:15]}
67. f7 {[%clk 00:05:12]} {[%emt 00:00:11]} Ke3 {[%clk 00:06:23]} {[%emt
00:00:35]} 68. f8=R {[%clk 00:05:33]} {[%emt 00:00:11]} Kd2 {[%clk 00:06:40]}
{[%emt 00:00:11]} 69. Rd8+ {[%clk 00:05:57]} {[%emt 00:00:09]} Ke3 {[%clk
00:06:56]} {[%emt 00:00:13]} 70. Qe4# {[%clk 00:06:20]} {[%emt 00:00:08]} 1-0

[Event "DEM U10w 2025"]
[Site "Willingen GER"]
[Date "2025.06.08"]
[Round "1"]
[White "Staudt, Merle"]
[Black "Hleizer, Ahata"]
[Result "0-1"]
[Termination "normal"]
[Board "5"]
[WhiteElo "1569"]
[BlackElo "1594"]
[WhiteClock "01:23:01"]
[BlackClock "01:19:37"]
[PlyCount "70"]
[WhiteFideId "34631151"]
[BlackFideId "34643370"]
[EventCountry "GER"]
[EventRounds "9"]
[EventType "swiss"]
[EventDate "2025.06.07"]

1. e4 {[%clk 01:30:58]} {[%emt 00:00:02]} e5 {[%clk 01:30:52]} {[%emt
00:00:08]} 2. d4 {[%clk 01:31:19]} {[%emt 00:00:09]} exd4 {[%clk 01:31:14]}
{[%emt 00:00:08]} 3. Qxd4 {[%clk 01:31:33]} {[%emt 00:00:16]} Nc6 {[%clk
01:31:27]} {[%emt 00:00:17]} 4. Qe3 {[%clk 01:31:57]} {[%emt 00:00:06]} Nf6
{[%clk 01:31:37]} {[%emt 00:00:20]} 5. Nc3 {[%clk 01:32:01]} {[%emt 00:00:27]}
Bb4 {[%clk 01:31:47]} {[%emt 00:00:19]} 6. Bd2 {[%clk 01:32:19]} {[%emt
00:00:12]} O-O {[%clk 01:31:54]} {[%emt 00:00:23]} 7. O-O-O {[%clk 01:32:31]}
{[%emt 00:00:18]} Re8 {[%clk 01:31:52]} {[%emt 00:00:32]} 8. Bd3 {[%clk
01:29:33]} {[%emt 00:03:28]} d5 {[%clk 01:30:08]} {[%emt 00:02:14]} 9. a3
{[%clk 01:29:18]} {[%emt 00:00:45]} d4 {[%clk 01:29:23]} {[%emt 00:01:15]} 10.
Qg3 {[%clk 01:29:08]} {[%emt 00:00:40]} dxc3 {[%clk 01:29:25]} {[%emt
00:00:28]} 11. Bh6 {[%clk 01:29:10]} {[%emt 00:00:28]} cxb2+ {[%clk 01:29:42]}
{[%emt 00:00:13]} 12. Kb1 {[%clk 01:29:17]} {[%emt 00:00:23]} Bf8 {[%clk
01:29:53]} {[%emt 00:00:18]} 13. e5 {[%clk 01:28:36]} {[%emt 00:01:11]} Qe7
{[%clk 01:29:23]} {[%emt 00:00:59]} 14. exf6 {[%clk 01:26:00]} {[%emt
00:03:08]} Qxa3 {[%clk 01:29:22]} {[%emt 00:00:30]} 15. Bxh7+ {[%clk 01:26:16]}
{[%emt 00:00:15]} Kxh7 {[%clk 01:29:28]} {[%emt 00:00:24]} 16. Qxa3 {[%clk
01:26:41]} {[%emt 00:00:06]} Bxa3 {[%clk 01:29:45]} {[%emt 00:00:12]} 17. Bxg7
{[%emt 00:00:31]} Re4 {[%clk 01:27:05]} {[%emt 00:03:01]} 18. Nf3 {[%clk
01:26:38]} {[%emt 00:00:41]} Kg8 {[%clk 01:25:15]} {[%emt 00:02:18]} 19. Ka2
{[%emt 00:02:43]} Ra4 {[%clk 01:24:51]} 20. Rhe1 {[%clk 01:24:11]} {[%emt
00:01:40]} Bb4+ {[%clk 01:23:51]} {[%emt 00:01:29]} 21. Kb3 {[%clk 01:24:36]}
{[%emt 00:00:06]} Bxe1 {[%clk 01:22:33]} {[%emt 00:01:48]} 22. Kxa4 {[%clk
01:25:00]} {[%emt 00:00:06]} Bxf2 {[%clk 01:22:28]} {[%emt 00:00:35]} 23. Ka3
{[%clk 01:25:03]} {[%emt 00:00:27]} Bc5+ {[%clk 01:21:29]} {[%emt 00:01:24]}
24. Kxb2 {[%clk 01:25:22]} {[%emt 00:00:17]} Be6 {[%clk 01:21:25]} {[%emt
00:00:30]} 25. Ng5 {[%clk 01:24:18]} {[%emt 00:01:35]} Bf5 {[%clk 01:20:34]}
{[%emt 00:01:19]} 26. Rd5 {[%clk 01:24:06]} {[%emt 00:00:46]} Bd4+ {[%clk
01:20:36]} {[%emt 00:00:28]} 27. c3 {[%clk 01:24:29]} {[%emt 00:00:07]} Be5
{[%clk 01:20:41]} {[%emt 00:00:25]} 28. h4 {[%clk 01:23:19]} {[%emt 00:01:40]}
a5 {[%clk 01:20:36]} {[%emt 00:00:35]} 29. h5 {[%clk 01:23:11]} {[%emt
00:00:38]} a4 {[%clk 01:20:52]} {[%emt 00:00:14]} 30. h6 {[%clk 01:23:16]}
{[%emt 00:00:25]} a3+ {[%clk 01:21:00]} {[%emt 00:00:22]} 31. Ka2 {[%clk
01:23:40]} {[%emt 00:00:06]} Bb1+ {[%clk 01:19:45]} {[%emt 00:01:44]} 32. Ka1
{[%clk 01:23:17]} {[%emt 00:00:54]} a2 {[%clk 01:19:22]} {[%emt 00:00:53]} 33.
h7+ {[%clk 01:23:31]} {[%emt 00:00:16]} Bxh7 {[%clk 01:19:41]} {[%emt
00:00:10]} 34. Rd3 {[%clk 01:23:33]} {[%emt 00:00:28]} Bxd3 {[%clk 01:19:56]}
{[%emt 00:00:16]} 35. Nxf7 {[%clk 01:23:01]} {[%emt 00:01:02]} Bxc3# {[%clk
01:19:37]} {[%emt 00:00:12]} 0-1

[Event "DEM U10w 2025"]
[Site "Willingen GER"]
[Date "2025.06.08"]
[Round "1"]
[White "Andreeva, Katharina"]
[Black "Dimkova, Anna"]
[Result "1/2-1/2"]
[Termination "normal"]
[Board "6"]
[WhiteElo "1614"]
[BlackElo "1037"]
[WhiteClock "00:01:29"]
[BlackClock "01:06:57"]
[PlyCount "110"]
[WhiteFideId "533000905"]
[BlackFideId "533043531"]
[EventCountry "GER"]
[EventRounds "9"]
[EventType "swiss"]
[EventDate "2025.06.07"]

1. e4 {[%clk 01:30:58]} e5 {[%clk 01:30:53]} {[%emt 00:00:08]} 2. Nf3 {[%clk
01:31:24]} {[%emt 00:00:04]} Nc6 {[%clk 01:31:16]} {[%emt 00:00:07]} 3. d4
{[%clk 01:31:49]} {[%emt 00:00:05]} exd4 {[%clk 01:31:35]} {[%emt 00:00:10]} 4.
c3 {[%clk 01:32:13]} {[%emt 00:00:07]} d5 {[%clk 01:30:52]} {[%emt 00:01:14]}
5. exd5 {[%clk 01:32:34]} {[%emt 00:00:08]} Qxd5 {[%clk 01:30:24]} {[%emt
00:00:56]} 6. cxd4 {[%clk 01:32:38]} {[%emt 00:00:28]} Bb4+ {[%clk 01:29:19]}
{[%emt 00:01:36]} 7. Nc3 {[%clk 01:30:11]} {[%emt 00:02:56]} Bxc3+ {[%clk
01:27:38]} {[%emt 00:02:10]} 8. bxc3 {[%clk 01:30:16]} {[%emt 00:00:25]} Qe4+
{[%clk 01:25:36]} {[%emt 00:02:33]} 9. Be2 {[%clk 01:23:10]} {[%emt 00:07:36]}
Bg4 {[%clk 01:24:58]} {[%emt 00:01:08]} 10. O-O {[%clk 01:18:53]} {[%emt
00:04:48]} O-O-O {[%clk 01:24:54]} {[%emt 00:00:33]} 11. Re1 {[%clk 01:07:42]}
{[%emt 00:11:39]} Nf6 {[%clk 01:20:38]} {[%emt 00:04:49]} 12. h3 {[%clk
00:58:57]} {[%emt 00:09:14]} Bxf3 {[%clk 01:14:59]} {[%emt 00:06:07]} 13. Bxf3
{[%clk 00:57:55]} {[%emt 00:01:33]} Qh4 {[%clk 01:14:50]} {[%emt 00:00:40]} 14.
Rb1 {[%clk 00:46:28]} {[%emt 00:11:53]} Rhe8 {[%clk 01:12:03]} {[%emt
00:03:20]} 15. Re3 {[%clk 00:26:06]} {[%emt 00:20:49]} Nd5 {[%clk 01:11:02]}
{[%emt 00:01:35]} 16. Rxe8 {[%clk 00:22:06]} {[%emt 00:04:30]} Nxc3 {[%clk
01:11:15]} {[%emt 00:00:16]} 17. Rxd8+ {[%clk 00:22:08]} {[%emt 00:00:29]} Kxd8
{[%clk 01:11:14]} {[%emt 00:00:29]} 18. Qd3 {[%clk 00:15:59]} {[%emt 00:06:36]}
Nxb1 {[%clk 01:10:56]} {[%emt 00:00:50]} 19. Qxb1 {[%clk 00:14:41]} {[%emt
00:01:49]} Nxd4 {[%clk 01:10:13]} {[%emt 00:01:00]} 20. Qd3 {[%clk 00:13:07]}
{[%emt 00:02:14]} b5 {[%clk 01:07:09]} {[%emt 00:03:39]} 21. Bg5+ {[%clk
00:08:27]} {[%emt 00:05:06]} Qxg5 {[%clk 01:05:50]} {[%emt 00:01:32]} 22. Qxd4+
{[%clk 00:08:56]} Kc8 {[%clk 01:05:33]} {[%emt 00:01:10]} 23. Bg4+ {[%clk
00:08:25]} {[%emt 00:00:54]} Kb7 {[%clk 01:05:42]} {[%emt 00:00:28]} 24. Qe4+
{[%clk 00:07:16]} {[%emt 00:01:37]} Kb6 {[%clk 01:05:17]} {[%emt 00:00:57]} 25.
Qd4+ {[%clk 00:03:18]} {[%emt 00:04:18]} Kb7 {[%clk 01:05:29]} {[%emt
00:00:27]} 26. Bf3+ {[%clk 00:02:33]} {[%emt 00:01:10]} Ka6 {[%clk 01:04:54]}
{[%emt 00:01:10]} 27. Qe4 {[%clk 00:01:52]} {[%emt 00:01:08]} Qc1+ {[%clk
01:04:46]} {[%emt 00:00:40]} 28. Kh2 {[%clk 00:02:03]} {[%emt 00:00:17]} c6
{[%clk 01:04:28]} {[%emt 00:00:52]} 29. Qxc6+ {[%clk 00:01:56]} {[%emt
00:00:36]} Qxc6 {[%clk 01:04:27]} {[%emt 00:00:31]} 30. Bxc6 {[%clk 00:02:07]}
{[%emt 00:00:15]} Kb6 {[%clk 01:04:45]} {[%emt 00:00:16]} 31. Bd5 {[%clk
00:02:20]} {[%emt 00:00:14]} f6 {[%clk 01:04:56]} {[%emt 00:00:23]} 32. Kg3
{[%clk 00:02:13]} {[%emt 00:00:34]} a5 {[%clk 01:05:06]} {[%emt 00:00:22]} 33.
Kf3 {[%clk 00:02:19]} {[%emt 00:00:14]} Kc5 {[%clk 01:05:28]} {[%emt 00:00:18]}
34. Bf7 {[%clk 00:01:43]} {[%emt 00:01:02]} b4 {[%clk 01:05:21]} {[%emt
00:00:41]} 35. Ke4 {[%clk 00:01:38]} {[%emt 00:00:27]} Kb5 {[%clk 01:05:08]}
{[%emt 00:00:51]} 36. Be8+ {[%clk 00:01:32]} {[%emt 00:00:33]} Kc4 {[%clk
01:05:22]} {[%emt 00:00:19]} 37. Bf7+ {[%clk 00:01:12]} {[%emt 00:00:47]} Kc3
{[%clk 01:05:41]} {[%emt 00:00:14]} 38. Kd5 {[%clk 00:01:03]} {[%emt 00:00:36]}
b3 {[%clk 01:05:44]} {[%emt 00:00:31]} 39. axb3 {[%clk 00:01:03]} {[%emt
00:00:27]} Kxb3 {[%clk 01:06:03]} {[%emt 00:00:11]} 40. Kc5+ {[%clk 00:01:03]}
{[%emt 00:00:28]} Ka3 {[%clk 01:04:40]} {[%emt 00:01:57]} 41. Kb5 {[%clk
00:00:47]} {[%emt 00:00:42]} a4 {[%clk 01:04:56]} {[%emt 00:00:19]} 42. Ka5
{[%clk 00:00:49]} {[%emt 00:00:27]} Kb2 {[%clk 01:05:04]} {[%emt 00:00:23]} 43.
Kxa4 {[%clk 00:01:10]} {[%emt 00:00:08]} Kc2 {[%clk 01:05:26]} {[%emt
00:00:08]} 44. Kb4 {[%clk 00:00:59]} {[%emt 00:00:39]} Kd3 {[%clk 01:05:42]}
{[%emt 00:00:16]} 45. Bd5 {[%clk 00:00:58]} {[%emt 00:00:27]} Kd4 {[%clk
01:05:56]} {[%emt 00:00:20]} 46. Ba8 {[%emt 00:00:24]} h5 {[%clk 01:06:08]}
{[%emt 00:00:15]} 47. g4 {[%clk 00:01:10]} {[%emt 00:00:23]} hxg4 {[%clk
01:06:12]} {[%emt 00:00:28]} 48. hxg4 {[%clk 00:01:31]} {[%emt 00:00:10]} Ke5
{[%clk 01:06:29]} {[%emt 00:00:14]} 49. f3 {[%clk 00:01:46]} {[%emt 00:00:13]}
Kf4 {[%clk 01:06:30]} {[%emt 00:00:32]} 50. Kc5 {[%clk 00:02:01]} {[%emt
00:00:13]} f5 {[%clk 01:06:46]} {[%emt 00:00:15]} 51. gxf5 {[%clk 00:02:11]}
{[%emt 00:00:20]} Kxf5 {[%clk 01:07:04]} {[%emt 00:00:11]} 52. Kd6 {[%clk
00:02:28]} {[%emt 00:00:11]} g5 {[%clk 01:07:22]} {[%emt 00:00:15]} 53. Be4+
{[%clk 00:02:31]} {[%emt 00:00:21]} Kf4 {[%clk 01:07:27]} {[%emt 00:00:31]} 54.
Kd5 {[%clk 00:01:30]} {[%emt 00:01:29]} g4 {[%clk 01:07:12]} {[%emt 00:00:28]}
55. fxg4 {[%clk 00:01:29]} {[%emt 00:00:49]} Kxg4 {[%clk 01:06:57]} {[%emt
00:00:11]} 1/2-1/2

[Event "DEM U10w 2025"]
[Site "Willingen GER"]
[Date "2025.06.08"]
[Round "1"]
[White "Dobrynina, Alona"]
[Black "Vignesh, Sara"]
[Result "0-1"]
[Termination "normal"]
[Board "7"]
[WhiteElo "1031"]
[BlackElo "1604"]
[WhiteClock "00:47:47"]
[BlackClock "00:37:51"]
[PlyCount "56"]
[WhiteFideId "533043540"]
[BlackFideId "34674756"]
[EventCountry "GER"]
[EventRounds "9"]
[EventType "swiss"]
[EventDate "2025.06.07"]

1. e4 {[%clk 01:30:58]} {[%emt 00:00:01]} c6 {[%clk 01:30:58]} {[%emt
00:00:03]} 2. d4 {[%clk 01:31:17]} {[%emt 00:00:10]} d5 {[%clk 01:31:25]}
{[%emt 00:00:03]} 3. Nc3 {[%clk 01:31:32]} {[%emt 00:00:15]} dxe4 {[%clk
01:31:52]} {[%emt 00:00:04]} 4. Nxe4 {[%clk 01:31:44]} {[%emt 00:00:17]} Nf6
{[%clk 01:32:18]} {[%emt 00:00:04]} 5. Nxf6+ {[%clk 01:31:58]} {[%emt
00:00:14]} exf6 {[%clk 01:32:43]} {[%emt 00:00:07]} 6. c3 {[%clk 01:32:00]}
{[%emt 00:00:28]} Bd6 {[%clk 01:31:23]} {[%emt 00:01:50]} 7. Bd3 {[%clk
01:32:02]} {[%emt 00:00:28]} O-O {[%clk 01:31:37]} {[%emt 00:00:17]} 8. Qc2
{[%clk 01:32:08]} {[%emt 00:00:23]} h5 {[%clk 01:30:43]} {[%emt 00:01:25]} 9.
Ne2 {[%clk 01:31:52]} {[%emt 00:00:45]} Re8 {[%clk 01:30:38]} {[%emt 00:00:35]}
10. O-O {[%clk 01:31:48]} {[%emt 00:00:33]} Nd7 {[%clk 01:29:59]} {[%emt
00:01:06]} 11. Bd2 {[%clk 01:31:02]} {[%emt 00:01:19]} Nf8 {[%clk 01:29:49]}
{[%emt 00:00:41]} 12. Rae1 {[%clk 01:30:58]} {[%emt 00:00:32]} Qc7 {[%clk
01:27:22]} {[%emt 00:02:58]} 13. f4 {[%clk 01:30:28]} {[%emt 00:01:00]} Bg4
{[%clk 01:18:47]} {[%emt 00:09:06]} 14. b4 {[%clk 01:19:33]} {[%emt 00:11:25]}
Ne6 {[%clk 01:07:37]} {[%emt 00:11:40]} 15. Bh7+ {[%clk 01:11:19]} {[%emt
00:08:44]} Kh8 {[%clk 01:06:08]} {[%emt 00:01:59]} 16. Bf5 {[%clk 01:04:29]}
{[%emt 00:07:19]} Bxe2 {[%clk 01:03:58]} {[%emt 00:02:42]} 17. Rxe2 {[%clk
01:01:55]} {[%emt 00:03:03]} Nxf4 {[%clk 01:02:17]} {[%emt 00:02:11]} 18. Ref2
{[%clk 00:59:09]} {[%emt 00:03:15]} Ne2+ {[%clk 00:58:38]} {[%emt 00:04:09]}
19. Kh1 {[%clk 00:57:58]} {[%emt 00:01:41]} Bxh2 {[%clk 00:58:02]} {[%emt
00:01:07]} 20. Rxe2 {[%clk 00:56:33]} {[%emt 00:01:55]} Rxe2 {[%clk 00:58:03]}
{[%emt 00:00:28]} 21. Qd1 {[%clk 00:56:38]} {[%emt 00:00:25]} Rae8 {[%clk
00:57:19]} {[%emt 00:01:15]} 22. Bd3 {[%clk 00:56:09]} {[%emt 00:00:57]} Qg3
{[%clk 00:46:37]} {[%emt 00:11:14]} 23. Bxe2 {[%clk 00:54:51]} {[%emt
00:01:46]} Qh4 {[%clk 00:44:28]} {[%emt 00:02:41]} 24. g3 {[%clk 00:51:01]}
{[%emt 00:04:19]} Bxg3+ {[%clk 00:38:53]} {[%emt 00:06:05]} 25. Kg2 {[%clk
00:51:02]} {[%emt 00:00:25]} Qh2+ {[%clk 00:39:01]} {[%emt 00:00:27]} 26. Kf3
{[%clk 00:51:07]} {[%emt 00:00:20]} g5 {[%clk 00:37:56]} {[%emt 00:01:40]} 27.
Bxg5 {[%clk 00:50:23]} {[%emt 00:01:13]} fxg5 {[%clk 00:37:31]} {[%emt
00:00:56]} 28. Rg1 {[%clk 00:47:47]} {[%emt 00:03:06]} g4# {[%clk 00:37:51]}
{[%emt 00:00:11]} 0-1